| 000 | 00408nam a22001337a 4500 | ||
|---|---|---|---|
| 020 | _a9788126518333 | ||
| 082 |
_222 _a621.384135 |
||
| 100 | _aSaunders, Simon R. and Zavala, Alejandro Aragon. | ||
| 245 | _aAntennas and propagation for wireless communication systems / | ||
| 250 | _a2nd. | ||
| 260 |
_aNew Delhi, _bJohn Wiley and Sons, _cc2012. |
||
| 300 |
_axxii, 524p. ; _bill. ; _c23 cm. |
||
| 942 |
_2ddc _cEE _03 |
||
| 999 |
_c1102 _d1102 |
||